The wake / (Record no. 1383)

MARC details
000 -LEADER
campo de control de longitud fija 00581nam a22001937a 4500
008 - DATOS DE LONGITUD FIJA--INFORMACIÓN GENERAL
campo de control de longitud fija 171202s2000 dk||||| |||| 00| 0 eng d
082 04 - NÚMERO DE LA CLASIFICACIÓN DECIMAL DEWEY
Número de clasificación 777
Número de ítem G837w
100 1# - ENTRADA PRINCIPAL--NOMBRE DE PERSONA
Nombre de persona Kvium, Michael.
9 (RLIN) 6134
245 14 - MENCIÓN DEL TÍTULO
Título The wake /
Mención de responsabilidad, etc. Michael Kvium y Christian Lemmerz.
250 ## - MENCION DE EDICION
Mención de edición 1a edición.
260 ## - PUBLICACIÓN, DISTRIBUCIÓN, ETC.
Lugar de publicación, distribución, etc. Dinamarca :
Nombre del editor, distribuidor, etc. Wake Film ApS,
Fecha de publicación, distribución, etc. 2000.
300 ## - DESCRIPCIÓN FÍSICA
Extensión 400 páginas :
Otras características físicas ilustraciones en color.
653 10 - TÉRMINO DE INDIZACIÓN--NO CONTROLADO
Término no controlado Arte contemporáneo
653 10 - TÉRMINO DE INDIZACIÓN--NO CONTROLADO
Término no controlado Cinematografía
653 10 - TÉRMINO DE INDIZACIÓN--NO CONTROLADO
Término no controlado Cine -Dinamarca
653 10 - TÉRMINO DE INDIZACIÓN--NO CONTROLADO
Término no controlado Cineastas
653 10 - TÉRMINO DE INDIZACIÓN--NO CONTROLADO
Término no controlado Producción audiovisual
700 1# - ENTRADA AGREGADA--NOMBRE PERSONAL
Nombre de persona Lemmerz, Christian.
9 (RLIN) 6135
Holdings
Estatus retirado Estado de pérdida Fuente del sistema de clasificación o colocación Estado de daño No para préstamo Biblioteca de origen Biblioteca actual Ubicación en estantería Fecha de adquisición Total de préstamos Signatura topográfica completa Código de barras Visto por última vez Precio de reemplazo Tipo de ítem Koha
    Clasificación Decimal Dewey     Biblioteca LadoV Biblioteca LadoV   02/12/2017   777 G837w 001084 02/12/2017 02/12/2017 Material 01